Historický vývoj manažmentu

Počiatky súčasného manažérskeho myslenia. Prínos japonského manažmentu. Súčasný manažment sa orientuje na produkciu duševnej práce. Systém globálneho manažmentu. Budúcnosť manažmentu.

Gespeichert in:
Bibliographische Detailangaben
1. Verfasser: Poniščiaková, Oľga
Format: Buchkapitel
Sprache:Slowakisch
Schlagworte:
Tags: Tag hinzufügen
Keine Tags, Fügen Sie das erste Tag hinzu!

MARC

LEADER 00000naa$a2200000$$$4500
001 0115274
005 20231120112928.9
041 0 |a slo 
044 |a SK 
245 1 0 |a Historický vývoj manažmentu  |c Oľga Poniščiaková 
520 |a Počiatky súčasného manažérskeho myslenia. Prínos japonského manažmentu. Súčasný manažment sa orientuje na produkciu duševnej práce. Systém globálneho manažmentu. Budúcnosť manažmentu. 
610 2 0 |a manažment 
100 1 |a Poniščiaková, Oľga